Loading...
| Philosophy | 0 | 2 | 0 | 0 | 20 | 105 | 114.00 | 0 | 0 |
| History - Other History | 0 | 2 | 0 | 0 | 20 | 85 | 101.00 | 0 | 0 |
| Religion | 0 | 2 | 0 | 1 | 20 | 106 | 119.50 | 0 | 0 |
| Fine Arts - Classical Music | 0 | 2 | 0 | 0 | 20 | 110 | 123.50 | 0 | 0 |
| Fine Arts - Other Fine Arts | 0 | 2 | 0 | 1 | 20 | 115 | 125.00 | 0 | 0 |
| History - European History | 0 | 2 | 0 | 1 | 20 | 76 | 100.50 | 0 | 1 |
| Literature - World/Other Literature | 0 | 1 | 0 | 0 | 10 | 44 | 44.00 | 1 | 1 |
| Mythology | 0 | 1 | 0 | 1 | 10 | 137 | 137.00 | 0 | 0 |
| Pop Culture | 0 | 1 | 0 | 0 | 10 | 103 | 103.00 | 0 | 0 |
| Science - Chemistry | 0 | 1 | 0 | 1 | 10 | 129 | 129.00 | 0 | 0 |
| Science - Other Science | 0 | 1 | 0 | 0 | 10 | 112 | 112.00 | 0 | 0 |
| Science - Physics | 0 | 1 | 0 | 0 | 10 | 106 | 106.00 | 0 | 0 |
| Fine Arts - Visual Fine Arts | 0 | 1 | 0 | 0 | 10 | 121 | 121.00 | 0 | 0 |
| History - American History | 0 | 1 | 0 | 1 | 10 | 119 | 119.00 | 0 | 0 |
| Literature - American Literature | 0 | 1 | 0 | 0 | 10 | 148 | 148.00 | 0 | 0 |
| Literature - British Literature | 0 | 1 | 0 | 0 | 10 | 77 | 77.00 | 0 | 1 |
| Literature - European Literature | 0 | 1 | 0 | 0 | 10 | 140 | 140.00 | 0 | 0 |
| Science - Biology | 0 | 0 | 1 | 0 | -5 | 0.00 | 0 | 0 |